Responses for show #3523 - Wednesday, December 22, 1999

Contestants

Mitch Teich, a public radio news reporter from Flagstaff, Arizona

Sarah Bagby, a student from Las Cruces, New Mexico

Yancy Naughton, a golf magazine publisher from Point Pleasant, Pennsylvania (whose 1-day cash winnings total $5,831)

Jeopardy! Round responses

(Alex: Appropriately...)
A CHRISTMAS SONGBOOK
BLACK AMERICANS
THE GREAT LAKES
MY DAD
BESTSELLERS
ANAGRAMMED MUSICALS
    $100 22
Guide my sleigh tonight

Yancy
    $100 27
Jackie Robinson

Mitch
    $100 8
Glaciers

Yancy
    $100 1
Sigmund Freud

Mitch
    $100 12
Stephen King

Sarah
    $100 6
"Barnum"

Yancy
    $200 24
"Deck the Halls"

Sarah
    $200 26
(with a minute to go...)

George Washington Carver

Yancy
    $700 11
Ontario

Mitch
    $200 2
Zubin Mehta

Mitch
    $200 13
"Wheels"

Sarah
    $200 15
"Applause"

Sarah
    $300 25
"Frosty the Snowman"

Mitch
    $300 21
Leontyne Price

Triple Stumper
    $300 10
Duluth

Mitch
    $300 3
Jason

Mitch
    $300 14
A Geisha

Triple Stumper
    $300 16
"Brigadoon"

Mitch
    $400 29
(Y: What is "White Christmas?")

"Blue Christmas"

YancyMitch
    $400 20
Lorraine Hansberry

Sarah
    $400 7
(M: What is Michigan?)
(Y: What is Superior?)

Lake Huron

YancySarahMitch
    $400 4
Sesame Street

Mitch
    $400 17
"Rich Man, Poor Man"

Triple Stumper
    $400 19
"Carousel"

Yancy
    $500 23
"The Christmas Song"

Mitch
    $500 28
Matthew Henson

Mitch
    $500 9
Samuel de Champlain

Sarah
    $500 5
Pearl S. Buck

Sarah
    $500 18
Jean Auel

Sarah
    $500 30
"Big River"

Mitch

Scores at the first commercial break (after clue 15):

Yancy Sarah Mitch
-$200 $1,900 $1,600

Scores at the end of the Jeopardy! Round:

Yancy Sarah Mitch
$100 $3,000 $4,200

Double Jeopardy! Round responses

HE'S THE MAYOR
DEAR JEAN LETTERS
(Note: pronounced "John")
REPORTER'S DICTIONARY
TV ARCHIVE
IT'S ALL YOUR FAULT
BEFORE & AFTER
    $200 5
Marion Barry

Sarah
    $200 23
Jean-Paul Marat

Triple Stumper
    $200 6
Obituary

Yancy
    $200 15
Loch Ness Monster

Sarah
    $200 24
(S: Who is Eve Eve?)

Christmas Eve Plumb

YancySarah
    $900 4
Clint Eastwood

Mitch
    $400 22
(Y: Who was Godot?)

Jean Sibelius

YancySarah
    $400 7
Banner headline

Yancy
    $400 28
(buzzer sounds)
(Alex: Yancy, with $-399, you won't be around for "Final Jeopardy", but you were a big winner yesterday, so Congratulations! & Happy Holidays!)

Major Roger Healey

Triple Stumper
    $400 16
Tectonic plates

Sarah
    $400 25
Little Richard the Lionhearted

Yancy
    $600 3
Tom Bradley

Mitch
    $600 21
Jean Renoir

Triple Stumper
    $600 9
Slant

Yancy
    $600 13
Airwolf

Yancy
    $600 17
New Zealand

Mitch
    $600 26
(Y: Who are Romeo and Juliet...Rouse?)
(M: Who are Romeo and Juliet Prowse?)

Romeo and Juliet Mills

YancyMitch
Triple Stumper
    $800 2
Willy Brandt

Yancy
    $3,499 19
(Y: Who is Ville?)

Jean-Claude Killy

Yancy
    $800 8
Publicity/press agent

Yancy
    $800 12
Oscar Goldman

Mitch
    $800 14
Rift

Sarah
    $800 27
Tipper Gore Vidal

Triple Stumper
    $1000 1
Andrew Young

Mitch
    $1000 20
Jean-Francois Millet

Sarah
    $1000 10
(Y: What is a clam?)

Slug

Yancy
Triple Stumper
    $1000 11
Greg Evigan

Mitch
    $1000 18
Mid-Atlantic Ridge

Yancy

Scores at the end of the Double Jeopardy! Round:

Yancy Sarah Mitch
-$399 $5,800 $8,500

[wagering suggestions for these scores]

Final Jeopardy! Round responses

FOOD & SPORTS
(Alex: In honor of the U.S. Women's Soccer Team victory in the World Cup.)
SarahWhat is hockey?
$5,800
MitchWhat is soccer?
$3,110
Soccer

Final scores:

Yancy Sarah Mitch
-$399 $0 $11,610
3rd place: World of Science Shopping Spree 2nd place: Intel PC Camera Pro Pack & Compaq Presario Internet Desktop PC New champion: $11,610

Game dynamics:

Coryat scores:

Yancy Sarah Mitch
$3,100 $5,800 $7,500
14 R,
6 W
(including 1 DD)
15 R,
1 W
19 R
(including 2 DDs),
2 W

Combined Coryat: $16,400

The J! Archive is created by fans, for fans. The Jeopardy! game show and all elements thereof, including but not limited to copyright and trademark thereto, are the property of Jeopardy Productions, Inc. and are protected under law. This website is not affiliated with, sponsored by, or operated by Jeopardy Productions, Inc. Join the discussion at JBoard.tv.